Представление документа в формате MARC21

Поле Инд. ПП Название Значение
Тип записи a
Библиографический уровень b
001 Контрольный номер RU/IS/BASE/268746008
005 Дата корректировки 20200522191238.2
008 Кодируемые данные 20080707
040 b Код языка каталог. rus
e Правила каталог. PSBO
041 0_ a Код языка текста rus
084 a Индекс другой классификации/Индекс ББК 83.014
100 1_ a Автор Прокина А. Г.
245 10 a Заглавие Жанр литературной рецензии в научном и обыденном сознании
504 a Библиография Библиогр.: с. 112
650 04 a Основная рубрика литературоведение; теория литературы
a Основная рубрика филологические науки
653 1_ a Ключевые слова жанры критики
a Ключевые слова жанры литературы
a Ключевые слова рецензии
773 08 t Заглавие источника Вестник Московского университета. Серия 9, Филология
d Дата издания источника 2007
g Прочая информация № 6. - С. 107 - 112
w Контрольный № источника RU/IS/BASE/261756589
901 t Тип документа b